| 000 | 00500nam a2200181Ia 4500 | ||
|---|---|---|---|
| 003 | OSt | ||
| 005 | 20250204091236.0 | ||
| 008 | 210716s1972 xx 000 0 und d | ||
| 040 | _cAIMIT LIBRARY | ||
| 041 | _aeng | ||
| 082 |
_a909 _21 _bMEYM |
||
| 100 |
_aMeyer, Milton W. _9197363 |
||
| 245 |
_aHistory of the far east / _cBy Milton W Meyer. |
||
| 250 | _a1st ed. | ||
| 260 |
_aNew York : _bBarnes & Noble Book ; _c1972. |
||
| 300 |
_aix,438p. ; _bPB _c20cm. |
||
| 942 |
_2ddc _cBK _e1st ed. _k909 MEYM |
||
| 999 |
_c201058 _d201058 |
||